| 000 | 01065nam a2200241 a 4500 | ||
|---|---|---|---|
| 001 | 48955 | ||
| 003 | BD-RjUL | ||
| 005 | 20211209054619.0 | ||
| 008 | 160817s1970 bg ||||| |||| 00| 0 ben d | ||
| 020 | _c: PRs.18.00 | ||
| 035 | _a(BD-RjUL)49074 | ||
| 040 |
_aBD-RjUL _bben _cBD-RjUL _dBD-RjUL |
||
| 041 | _aben | ||
| 082 |
_223 _a891.4408 _bDUM 1970 |
||
| 100 |
_aদত্ত, মাইকেল মধূসূদন _9147420 |
||
| 245 | 1 | 0 |
_aমধূসূদন কাব্য গ্রন্থাবলী / _cমাইকেল মধূসূদন দত্ত, মোহাম্মদ মনিরুজ্জামান সম্পাদিত |
| 260 |
_aঢাকা : _bপাকিস্তান বুক, _c১৯৭০. |
||
| 300 |
_a৮৫, ৭৯৯ পৃ. ; _c২৩ সেমি. |
||
| 650 |
_aবাংলা কবিতা _vসংগ্রহ _9137307 |
||
| 650 |
_aBengali Poetry _vCollection _9145975 |
||
| 700 |
_aমনিরুজ্জামান, মোহাম্মদ সম্পাদিত _9146623 |
||
| 942 |
_2ddc _cBK |
||
| 999 |
_c48955 _d48955 |
||